000 00498nam a2200145 i 4500
001 26399
003 ES-MaACL
007 t|
008 030109s1874 sz ||||1| fre d
100 1 _aAstié, J. J.
_923673
245 1 3 _aLa théologie allemande contemporaine avec une lettre-preface a la jeunesse theologique des pays de langue française /
_cpar J. J. Astié.
260 _aGèneve :
_b[s.n.,
_c1874] (
_eLausanne :
_fGeorges Bridel)
300 _a259 p. ;
_c21 cm.
852 _aES-MaACL
_jG-12106
999 _c26399
_d26399